Fin de siglo : grandes pensadores hacen reflexiones sobre nuestro tiempo /

Uloženo v:
Podrobná bibliografie
Hlavní autor: Gardels, Nathan P. (ed.)
Další autoři: Moyers, Bill (pról.) (pról.)
Médium: Kniha
Jazyk:španělština
Vydáno: México : McGraw-Hill, 1996, c1996
Témata:
Tagy: Přidat tag
Žádné tagy, Buďte první, kdo vytvoří štítek k tomuto záznamu!

MARC

LEADER 00000nam^a2200000^a^4500
001 000061988
005 20250521000000.0
009 20260310090932.905
020 |a 970-10-1291-7 
037 |a Acervo ITESO - Biblioteca 
041 |a ESP 
082 |a 149. 97  |b GAR 
100 |a Gardels, Nathan P.  |e (ed.) 
245 1 0 |a Fin de siglo :  |b grandes pensadores hacen reflexiones sobre nuestro tiempo /  |c Ed. de N.P. Gardels ; tr. por Paulina Díaz Cortés Ferrando. 
264 4 |a México :  |b McGraw-Hill,  |c 1996, c1996 
300 |a 312 p. 
336 |a texto  |b txt  |2 rdacontenido 
337 |a sin mediación  |b n  |2 rdamedio 
338 |a volumen  |b nc  |2 rdasoporte 
500 |a Traducción de: At Century's end 
649 |a XX 
650 |a Modernidad y Posmodernidad 
650 |a Filosofía del Siglo XX 
650 |a Sociedad Postindustrial 
650 |a Globalización 
650 |a Nuevo Orden Mundial 
650 |a Nacionalismo 
650 |a Federalismo 
650 |a Consumismo 
650 |a Tolerancia e Intolerancia 
650 |a Capitalismo 
650 |a Justicia e Injusticia 
650 |a Minorías Políticas 
650 |a Caída del Socialismo 
650 |a Occidente 
650 |a Política 
650 |a Problemas Sociales 
700 |a Moyers, Bill  |e (pról.) 
910 |a Fondo General 
920 |a Impresos - Libros 
930 |a Colección General 
905 |a 101 
901 |a 0500014477  |b IT1  |c ACC  |u 20250521 
902 |a https://opac.biblio.iteso.mx/vufind/Record/000061988